000 00490nam a2200181Ia 4500
005 20250508160804.0
008 008 250505s9999 xx 000 0 eng d
037 _aBooks to be hide in OPAC
040 _aFEDL
_beng
_cFEDL
041 _aeng
_2eng
084 _a059, GAN/O
_qFEDL
100 _aGandhi H N D and others
_9769369
245 0 _aIndian periodicals in print 1973
260 _c1973
300 _av,294p.
942 _cHB
_h059, GAN/O
999 _c1366632
_d1366632